[Event "Collado Villalba 2015"]
[Site "Collado Villalba (ESP)"]
[Date "2015.08.25"]
[Round "4.19"]
[White "Perdomo Araujo, Angel Eduardo"]
[Black "Fernandez Sanchez, Lorenzo"]
[Result "1-0"]
[WhiteElo "1998"]
[BlackElo "1817"]
[PlyCount "75"]
[EventDate "2015.08.22"]
[EventType "swiss"]
[EventRounds "9"]
[EventCountry "ESP"]
[Source "lmi"]
[SourceDate "2015.08.22"]

1. a3 d5 2. d4 Nf6 3. Nf3 e6 4. e3 Be7 5. c4 Nbd7 6. Nc3 O-O 7. b4 dxc4 8. Bxc4
c6 9. e4 Re8 10. O-O b6 11. Bb2 Bb7 12. Qe2 Qc7 13. e5 Nd5 14. Nxd5 cxd5 15.
Bb5 Rec8 16. Rac1 Qd8 17. Ba6 Bxa6 18. Qxa6 Nf8 19. g3 Qd7 20. Nd2 Rab8 21. f4
b5 22. Rfd1 Bd8 23. Nb3 Rc4 24. Nc5 Qc7 25. a4 Rb6 26. Qa5 bxa4 27. Rxc4 dxc4
28. Qxa4 Be7 29. Rc1 Bxc5 30. dxc5 Rb8 31. Rxc4 Rd8 32. Rd4 Rxd4 33. Bxd4 h5
34. Qb5 h4 35. c6 h3 36. Bc5 g5 37. Bd6 Qd8 38. Qb8 1-0

[Event "Collado Villalba 2015"]
[Site "Collado Villalba (ESP)"]
[Date "2015.08.25"]
[Round "4.20"]
[White "Perez Vazquez, Manuel"]
[Black "Torres Samper, Rafael"]
[Result "1/2-1/2"]
[WhiteElo "1837"]
[BlackElo "1971"]
[PlyCount "80"]
[EventDate "2015.08.22"]
[EventType "swiss"]
[EventRounds "9"]
[EventCountry "ESP"]
[Source "lmi"]
[SourceDate "2015.08.22"]

1. d4 f5 2. c4 Nf6 3. g3 g6 4. Bg2 Bg7 5. Nf3 d6 6. O-O O-O 7. Nc3 c6 8. Qc2
Re8 9. d5 e5 10. dxe6 Bxe6 11. b3 d5 12. cxd5 Nxd5 13. Bb2 Nd7 14. Nxd5 Bxd5
15. Bxg7 Kxg7 16. e3 Be4 17. Qc3+ Qf6 18. Qxf6+ Nxf6 19. Rfd1 Rad8 20. Rxd8
Rxd8 21. Nd4 Kf7 22. f3 Bd3 23. Rd1 Ba6 24. Rc1 Nd5 25. Kf2 Nb4 26. Bf1 Nxa2
27. Ra1 Nb4 28. Bxa6 bxa6 29. f4 c5 30. Nf3 Ke7 31. Ke2 Rd3 32. Rxa6 Rxe3+ 33.
Kxe3 Nxa6 34. Kd3 Nb8 35. Ne5 Kd6 36. Kc4 Na6 37. Nf7+ Ke7 38. Ne5 Kd6 39. Nf7+
Ke7 40. Ne5 Kd6 1/2-1/2

[Event "Collado Villalba 2015"]
[Site "Collado Villalba (ESP)"]
[Date "2015.08.25"]
[Round "4.21"]
[White "Porras Fernandez, Alberto"]
[Black "Antoñano Fedz-Quincoces, Aveli"]
[Result "0-1"]
[WhiteElo "1802"]
[BlackElo "1970"]
[PlyCount "90"]
[EventDate "2015.08.22"]
[EventType "swiss"]
[EventRounds "9"]
[EventCountry "ESP"]
[Source "lmi"]
[SourceDate "2015.08.22"]

1. e4 c5 2. Nf3 g6 3. d4 cxd4 4. Nxd4 Nc6 5. Nc3 Bg7 6. Be3 Nf6 7. f3 O-O 8.
Qd2 d5 9. exd5 Nxd5 10. Nxc6 bxc6 11. Bd4 e5 12. Bc5 Re8 13. Ne4 f5 14. Nd6 Re6
15. Nc4 Qf6 16. O-O-O Bf8 17. Bxf8 Qxf8 18. h4 Bd7 19. Ne3 Nxe3 20. Qxd7 Re7
21. Qd2 Nxd1 22. Bc4+ Kh8 23. Rxd1 Qf6 24. Rh1 e4 25. fxe4 Rxe4 26. Bb3 Rd8 27.
Qa5 Rxh4 28. Re1 Re4 29. Rh1 Qd4 30. a3 Re7 31. Kb1 Rde8 32. Ka2 Qe5 33. Qa6
Qb5 34. Qxb5 cxb5 35. a4 b4 36. Bd5 Rd8 37. Bf3 Kg7 38. Rh4 a5 39. Rc4 Kf6 40.
Rc5 Re5 41. Rc7 h5 42. Rc6+ Kg5 43. Kb3 Rd4 44. c4 Re3+ 45. Kc2 b3+ 0-1

[Event "Collado Villalba 2015"]
[Site "Collado Villalba (ESP)"]
[Date "2015.08.25"]
[Round "4.23"]
[White "Garcia Galeote, Lorenzo"]
[Black "Perez Cameselle, Francisco"]
[Result "1/2-1/2"]
[WhiteElo "1973"]
[BlackElo "1840"]
[PlyCount "59"]
[EventDate "2015.08.22"]
[EventType "swiss"]
[EventRounds "9"]
[EventCountry "ESP"]
[Source "lmi"]
[SourceDate "2015.08.22"]

1. c4 Nf6 2. Nc3 b6 3. e4 d6 4. d4 g6 5. f3 Bg7 6. Be3 c5 7. d5 O-O 8. Qd2 a6
9. Bh6 Bxh6 10. Qxh6 e6 11. O-O-O exd5 12. exd5 Re8 13. Bd3 Qe7 14. Nge2 Qe3+
15. Qxe3 Rxe3 16. Ng3 Re8 17. Rhe1 Rxe1 18. Rxe1 Kf8 19. Nge4 Nxe4 20. Nxe4 Bf5
21. Nf2 Bxd3 22. Nxd3 Nd7 23. a4 b5 24. b3 bxc4 25. bxc4 Nb6 26. Nb2 a5 27. Kc2
Re8 28. Rxe8+ Kxe8 29. Kd3 f5 30. f4 1/2-1/2

[Event "Collado Villalba 2015"]
[Site "Collado Villalba (ESP)"]
[Date "2015.08.25"]
[Round "4.24"]
[White "Petru, Lucian Olimpiu"]
[Black "Rodriguez De Robles, Ignacio"]
[Result "0-1"]
[WhiteElo "1845"]
[BlackElo "1932"]
[PlyCount "114"]
[EventDate "2015.08.22"]
[EventType "swiss"]
[EventRounds "9"]
[EventCountry "ESP"]
[Source "lmi"]
[SourceDate "2015.08.22"]

1. Nf3 Nf6 2. g3 e6 3. Bg2 d5 4. d3 c5 5. Nbd2 Nc6 6. O-O e5 7. e4 d4 8. Nc4
Qc7 9. a4 Bg4 10. Bg5 h6 11. Bxf6 gxf6 12. h3 Be6 13. Nh4 Qd7 14. Kh2 O-O-O 15.
a5 Kb8 16. Nf5 Bxf5 17. exf5 Qxf5 18. a6 b5 19. Na3 Nb4 20. Nxb5 c4 21. Be4 Qe6
22. Bb7 cxd3 23. cxd3 Qb6 24. Qa4 Nxd3 25. Qb3 Nc5 26. Qc4 Qe6 27. Qc1 Qb3 28.
Na3 Nxb7 29. axb7 Qxb7 30. Nc4 Rc8 31. b3 Bb4 32. Qd1 Rhd8 33. Qg4 Qd7 34. Qf3
Qc6 35. Qf5 Rd5 36. Rfc1 Qe6 37. Qb1 d3 38. Ne3 Rxc1 39. Qxc1 Rc5 40. Nc4 d2
41. Qd1 Qf5 42. Qe2 Qc2 43. Rd1 Rd5 44. Ne3 Qd3 45. Qg4 Rd4 46. Qg8+ Rd8 47.
Qxf7 Bc5 48. Qxf6 Rf8 49. Qxe5+ Bd6 50. Qd5 Rxf2+ 51. Kg1 Qxe3 52. Qxd6+ Kc8
53. Qc6+ Kd8 54. Qd6+ Ke8 55. Qc6+ Kf8 56. Qc8+ Kg7 57. Qg4+ Kh7 0-1

[Event "Collado Villalba 2015"]
[Site "Collado Villalba (ESP)"]
[Date "2015.08.25"]
[Round "4.25"]
[White "Rodriguez Izquierdo, Luis"]
[Black "Corral Aragon, Juan Maria"]
[Result "1-0"]
[WhiteElo "1854"]
[BlackElo "1845"]
[PlyCount "147"]
[EventDate "2015.08.22"]
[EventType "swiss"]
[EventRounds "9"]
[EventCountry "ESP"]
[Source "lmi"]
[SourceDate "2015.08.22"]

1. e4 c6 2. d4 d5 3. exd5 cxd5 4. Bf4 Nc6 5. c3 Qb6 6. Na3 a6 7. Qb3 Qxb3 8.
axb3 Bf5 9. Nb1 f6 10. Nf3 g5 11. Be3 h5 12. h3 e6 13. Nbd2 Bd6 14. b4 O-O-O
15. b5 axb5 16. Bxb5 Nge7 17. Ke2 Kc7 18. Ra2 g4 19. Nh4 gxh3 20. gxh3 e5 21.
dxe5 fxe5 22. Bxc6 Kxc6 23. Nxf5 Nxf5 24. Raa1 d4 25. Bg5 Rdg8 26. Rhg1 Rh7 27.
Nf3 h4 28. Bf6 Rxg1 29. Rxg1 Kd5 30. Rg4 dxc3 31. bxc3 Rc7 32. Kd3 b5 33. Nxh4
Nxh4 34. Rxh4 Rf7 35. Rh6 e4+ 36. Ke2 Bf4 37. Rh5+ Kc4 38. Bd4 Bd6 39. Rh6 Rd7
40. Ke3 b4 41. cxb4 Bxb4 42. Rc6+ Kd5 43. Rc1 Rf7 44. Rd1 Rf3+ 45. Ke2 Kc4 46.
Be3 Rxh3 47. Rd4+ Kb5 48. Rxe4 Bd6 49. Rd4 Kc6 50. Rd3 Be5 51. Rd2 Bd6 52. Kf1
Rh5 53. Kg2 Rd5 54. Rc2+ Kd7 55. Kf3 Rf5+ 56. Kg4 Ke6 57. Rc6 Rf7 58. Bc5 Kd5
59. Rxd6+ Kxc5 60. Rd2 Rg7+ 61. Kf5 Rf7+ 62. Ke5 Rf3 63. Rc2+ Kb4 64. Ke4 Rf8
65. f4 Re8+ 66. Kf5 Rf8+ 67. Ke5 Re8+ 68. Kd6 Kb3 69. Rf2 Kc4 70. f5 Ra8 71. f6
Ra6+ 72. Ke7 Kd5 73. f7 Ra7+ 74. Kf6 1-0

[Event "Collado Villalba 2015"]
[Site "Collado Villalba (ESP)"]
[Date "2015.08.25"]
[Round "4.26"]
[White "Cabrera Jimenez, Julio"]
[Black "Laveda Ayllon, Jose David"]
[Result "1/2-1/2"]
[WhiteElo "1801"]
[BlackElo "1695"]
[PlyCount "77"]
[EventDate "2015.08.22"]
[EventType "swiss"]
[EventRounds "9"]
[EventCountry "ESP"]
[Source "lmi"]
[SourceDate "2015.08.22"]

1. e4 d5 2. exd5 Qxd5 3. Nc3 Qa5 4. d4 Nf6 5. Bd3 c6 6. Nf3 Bg4 7. h3 Bh5 8. g4
Bg6 9. Ne5 e6 10. a3 Qc7 11. Bf4 Bd6 12. Qd2 Nbd7 13. Bxg6 hxg6 14. Nxd7 Bxf4
15. Nxf6+ gxf6 16. Qd3 f5 17. Qf3 O-O-O 18. Ne2 fxg4 19. Qxf4 Qxf4 20. Nxf4
Rxd4 21. Nd3 g5 22. O-O-O gxh3 23. Ne5 Rxd1+ 24. Kxd1 f6 25. Nc4 Rh4 26. Ne3 g4
27. Ke2 f5 28. Nf1 f4 29. Kd3 e5 30. c3 Kd7 31. Rg1 Ke6 32. Ke2 Kf5 33. Nh2 e4
34. b3 a5 35. c4 c5 36. Kd2 b6 37. Ke2 Kg5 38. Kd2 Kf5 39. Ke2 1/2-1/2

[Event "Collado Villalba 2015"]
[Site "Collado Villalba (ESP)"]
[Date "2015.08.26"]
[Round "5.1"]
[White "Elissalt Cardenas, Hector"]
[Black "Perez Mitjans, Orelvis"]
[Result "0-1"]
[WhiteElo "2350"]
[BlackElo "2434"]
[PlyCount "92"]
[EventDate "2015.08.22"]
[EventType "swiss"]
[EventRounds "9"]
[EventCountry "ESP"]
[Source "lmi"]
[SourceDate "2015.08.22"]

1. d4 Nf6 2. Nf3 g6 3. Bg5 Bg7 4. Nbd2 d6 5. c3 h6 6. Bh4 g5 7. Bg3 Nh5 8. e4
c5 9. dxc5 Nxg3 10. hxg3 dxc5 11. Nb3 Qxd1+ 12. Rxd1 b6 13. Bb5+ Bd7 14. Bxd7+
Nxd7 15. Ke2 g4 16. Nfd2 e6 17. f4 gxf3+ 18. gxf3 b5 19. f4 e5 20. Nf3 c4 21.
Na5 Nc5 22. Ke3 exf4+ 23. gxf4 Nd3 24. Rh2 O-O-O 25. Nc6 Rd7 26. Ncd4 a6 27. a4
bxa4 28. Ra1 Re8 29. e5 Nc5 30. Re2 f6 31. e6 f5 32. Kf2 Rd5 33. Kg2 Nd3 34.
Kg3 Rg8 35. Kh2 Nxf4 36. Rd2 Bf8 37. Rxa4 Bd6 38. Rxc4+ Kb7 39. Kh1 Rg6 40. Nh4
Rg5 41. Nhxf5 Nxe6 42. Nxd6+ Rxd6 43. Rf2 Nxd4 44. cxd4 Rg4 45. Rd2 Rd5 46. Kh2
Rh5# 0-1

[Event "Collado Villalba 2015"]
[Site "Collado Villalba (ESP)"]
[Date "2015.08.26"]
[Round "5.2"]
[White "Moreno Ruiz, Javier"]
[Black "Bermejo Arruego, Luis"]
[Result "1-0"]
[WhiteElo "2467"]
[BlackElo "2167"]
[PlyCount "77"]
[EventDate "2015.08.22"]
[EventType "swiss"]
[EventRounds "9"]
[EventCountry "ESP"]
[Source "lmi"]
[SourceDate "2015.08.22"]

1. e4 g6 2. d4 Bg7 3. Nc3 d5 4. exd5 Nf6 5. Bc4 Nbd7 6. Nf3 Nb6 7. Bb3 a5 8. a4
Nbxd5 9. Ne2 O-O 10. h3 b6 11. O-O Bb7 12. Ng3 Qd6 13. Re1 e6 14. Ne5 c5 15.
dxc5 Qxc5 16. Bg5 h6 17. Bd2 Rad8 18. Qe2 Qc7 19. Rad1 Nd7 20. Nd3 Qc6 21. Qf3
Qc8 22. Qg4 Qc6 23. Qc4 Nc5 24. Nxc5 bxc5 25. Ne4 Nf6 26. Nxf6+ Bxf6 27. Qf1
Ba6 28. Bc4 Bxc4 29. Qxc4 Rd4 30. Qe2 Bg5 31. Bc3 Rd5 32. b3 Bd8 33. Qb5 Qxb5
34. axb5 Bb6 35. Rxd5 exd5 36. Re7 c4 37. Rb7 Rc8 38. Rxb6 cxb3 39. Rc6 1-0

[Event "Collado Villalba 2015"]
[Site "Collado Villalba (ESP)"]
[Date "2015.08.26"]
[Round "5.3"]
[White "Aranda Marin, Cristian"]
[Black "Semprun Martinez, Fernando"]
[Result "1-0"]
[WhiteElo "2368"]
[BlackElo "2215"]
[PlyCount "85"]
[EventDate "2015.08.22"]
[EventType "swiss"]
[EventRounds "9"]
[EventCountry "ESP"]
[Source "lmi"]
[SourceDate "2015.08.22"]

1. d4 Nf6 2. c4 g6 3. Nc3 d5 4. Nf3 Bg7 5. Bg5 Ne4 6. cxd5 Nxg5 7. Nxg5 O-O 8.
h4 c6 9. e3 cxd5 10. Qb3 e6 11. Bd3 Nc6 12. f4 h6 13. Nf3 h5 14. Ke2 Bd7 15.
Rhg1 Rc8 16. Nd1 Na5 17. Qb4 Bf6 18. b3 Be7 19. Qe1 Nc6 20. Nf2 Nb4 21. Qb1
Nxd3 22. Nxd3 Qc7 23. Nfe5 Bb5 24. Kf3 Qc2 25. g4 hxg4+ 26. Rxg4 Bxd3 27. Nxd3
Qh2 28. Nf2 Kg7 29. Qd3 f5 30. Rg2 Qxh4 31. Rh1 Qf6 32. Qb5 Rh8 33. Rxh8 Rxh8
34. Nd3 Rh3+ 35. Ke2 Qh4 36. Qe8 Qh5+ 37. Kd2 Bf6 38. Nc5 Qh7 39. Nxe6+ Kh6 40.
Qf8+ Bg7 41. Qe7 Rh5 42. Qg5+ Rxg5 43. fxg5+ 1-0

[Event "Collado Villalba 2015"]
[Site "Collado Villalba (ESP)"]
[Date "2015.08.26"]
[Round "5.4"]
[White "Martin Martin, Luis Vicente"]
[Black "Martinez Reyes, Pedro Ramon"]
[Result "0-1"]
[WhiteElo "1933"]
[BlackElo "2349"]
[PlyCount "64"]
[EventDate "2015.08.22"]
[EventType "swiss"]
[EventRounds "9"]
[EventCountry "ESP"]
[Source "lmi"]
[SourceDate "2015.08.22"]

1. d4 d5 2. Bf4 c5 3. e3 Qb6 4. Nc3 Nf6 5. Nf3 Bg4 6. dxc5 Qxc5 7. Qd4 Qxd4 8.
Nxd4 a6 9. h3 Bd7 10. Bd3 Nc6 11. Nxc6 Bxc6 12. O-O e6 13. Ne2 Nd7 14. c3 e5
15. Bg3 Nc5 16. Bc2 f6 17. Rfd1 b5 18. f3 Na4 19. Rab1 Nb6 20. e4 Bc5+ 21. Bf2
Bxf2+ 22. Kxf2 dxe4 23. Bxe4 Bxe4 24. fxe4 Ke7 25. Rd3 Rhd8 26. Rbd1 Rxd3 27.
Rxd3 Na4 28. Rd2 Rc8 29. Ng3 g6 30. Nf1 Rd8 31. Re2 Nc5 32. Nd2 Rxd2 0-1

[Event "Collado Villalba 2015"]
[Site "Collado Villalba (ESP)"]
[Date "2015.08.26"]
[Round "5.5"]
[White "Sanz Castillo, Santiago"]
[Black "Longa Yauca, Javier"]
[Result "0-1"]
[WhiteElo "2197"]
[BlackElo "2255"]
[PlyCount "76"]
[EventDate "2015.08.22"]
[EventType "swiss"]
[EventRounds "9"]
[EventCountry "ESP"]
[Source "lmi"]
[SourceDate "2015.08.22"]

1. e4 Nf6 2. e5 Nd5 3. d4 d6 4. Nf3 Bg4 5. Be2 e6 6. O-O Be7 7. c4 Nb6 8. Nc3
O-O 9. b3 Nc6 10. Bb2 d5 11. Nd2 Bxe2 12. Nxe2 dxc4 13. bxc4 Bb4 14. c5 Nd5 15.
Nc4 b5 16. cxb6 axb6 17. a3 Be7 18. Qc2 Qd7 19. Rfc1 Rfc8 20. Ne3 Na5 21. Nc4
Bg5 22. f4 Bxf4 23. Nxf4 Nxf4 24. Nxa5 Rxa5 25. Rf1 Nd5 26. Rf3 Rf8 27. Rh3 h6
28. Qd2 f5 29. exf6 Rxf6 30. Re1 Nf4 31. Rf3 Raf5 32. d5 Rf7 33. Re5 Rxe5 34.
Bxe5 Nxd5 35. Rg3 Qb5 36. h4 Qb1+ 37. Kh2 Qe4 38. Bb2 Qxh4+ 0-1

[Event "Collado Villalba 2015"]
[Site "Collado Villalba (ESP)"]
[Date "2015.08.26"]
[Round "5.6"]
[White "Pastor Alonso De Prado, Albert"]
[Black "Collazo Hidalgo-Gato, Niala"]
[Result "0-1"]
[WhiteElo "2167"]
[BlackElo "2261"]
[PlyCount "36"]
[EventDate "2015.08.22"]
[EventType "swiss"]
[EventRounds "9"]
[EventCountry "ESP"]
[Source "lmi"]
[SourceDate "2015.08.22"]

1. e4 c5 2. c3 Nf6 3. e5 Nd5 4. d4 cxd4 5. Nf3 e6 6. cxd4 d6 7. Nc3 Nxc3 8.
bxc3 Qc7 9. Bd2 Nd7 10. Bd3 dxe5 11. O-O Be7 12. Re1 exd4 13. cxd4 O-O 14. d5
Nf6 15. dxe6 Bxe6 16. Nd4 Ng4 17. g3 Qc5 18. Rxe6 Nxf2 0-1

[Event "Collado Villalba 2015"]
[Site "Collado Villalba (ESP)"]
[Date "2015.08.26"]
[Round "5.7"]
[White "Jordana Vargas, Julio"]
[Black "Rodriguez Melendez, Juan Humbe"]
[Result "1-0"]
[WhiteElo "1998"]
[BlackElo "2130"]
[PlyCount "97"]
[EventDate "2015.08.22"]
[EventType "swiss"]
[EventRounds "9"]
[EventCountry "ESP"]
[Source "lmi"]
[SourceDate "2015.08.22"]

1. c4 Nf6 2. Nc3 g6 3. d4 Bg7 4. e4 d6 5. Be2 O-O 6. Bg5 c5 7. d5 e6 8. Nf3 a6
9. O-O h6 10. Be3 Ng4 11. Bd2 e5 12. h3 Nf6 13. a3 Nh5 14. b4 b6 15. Qc1 Kh7
16. Ne1 Nf4 17. Nd3 Nxe2+ 18. Nxe2 f5 19. f3 Nd7 20. Rb1 Nf6 21. Nf2 f4 22.
bxc5 bxc5 23. Qb2 Nh5 24. Qb6 Bf6 25. Qc6 Ra7 26. Rb8 Be7 27. Rfb1 Qd7 28. Ba5
Nf6 29. Nc3 Kg7 30. Na4 Kf7 31. Nb6 Qxc6 32. dxc6 Rc7 33. Nxc8 Rcxc8 34. c7 Nd7
35. R8b7 Ke6 36. Nd1 Bh4 37. Nc3 Nf6 38. Kf1 h5 39. R1b6 g5 40. Rxa6 g4 41. Nb5
Ne8 42. Na7 Nxc7 43. Bxc7 Rxc7 44. Rxc7 gxh3 45. gxh3 Rg8 46. Nb5 Be7 47. Raa7
Bh4 48. Rg7 Rd8 49. Nc7+ 1-0

[Event "Collado Villalba 2015"]
[Site "Collado Villalba (ESP)"]
[Date "2015.08.26"]
[Round "5.8"]
[White "Lianes Garcia, Marcos"]
[Black "Lopez Heras, Arturo"]
[Result "1-0"]
[WhiteElo "2059"]
[BlackElo "1861"]
[PlyCount "75"]
[EventDate "2015.08.22"]
[EventType "swiss"]
[EventRounds "9"]
[EventCountry "ESP"]
[Source "lmi"]
[SourceDate "2015.08.22"]

1. e4 e5 2. Nf3 Nc6 3. Bb5 a6 4. Bxc6 dxc6 5. O-O Bg4 6. h3 Bxf3 7. Qxf3 Qd7 8.
d3 Bc5 9. Nd2 Ne7 10. Nb3 Bb6 11. Be3 Ng6 12. Rad1 O-O 13. d4 Qe7 14. Rfe1 Rad8
15. c3 Rd6 16. Rd2 Qh4 17. Qg4 Qxg4 18. hxg4 Rfd8 19. Red1 exd4 20. cxd4 Nf8
21. f3 Ne6 22. Kf2 f6 23. Ke2 Kf7 24. g3 Ke7 25. f4 h6 26. Rd3 Nf8 27. Nd2 R6d7
28. Nc4 Ne6 29. Nxb6 cxb6 30. d5 Nc5 31. Bxc5+ bxc5 32. dxc6 bxc6 33. Rxd7+
Rxd7 34. Rxd7+ Kxd7 35. Kd3 Kd6 36. Kc4 a5 37. b3 g6 38. a3 1-0

[Event "Collado Villalba 2015"]
[Site "Collado Villalba (ESP)"]
[Date "2015.08.26"]
[Round "5.9"]
[White "Esquivias Gomez, Francisco J"]
[Black "Aziz Ortego, Omar Luis"]
[Result "1-0"]
[WhiteElo "1999"]
[BlackElo "2123"]
[PlyCount "159"]
[EventDate "2015.08.22"]
[EventType "swiss"]
[EventRounds "9"]
[EventCountry "ESP"]
[Source "lmi"]
[SourceDate "2015.08.22"]

1. c4 Nf6 2. Nc3 d6 3. e4 e5 4. g3 c5 5. Bg2 Nc6 6. Nge2 Bg4 7. f3 Be6 8. d3
Nd7 9. O-O Be7 10. f4 f6 11. Be3 Qb8 12. Qd2 Bd8 13. Qe1 Ba5 14. Qf2 Nd4 15.
Bd2 a6 16. Nxd4 cxd4 17. Nd5 Bd8 18. fxe5 dxe5 19. Bb4 b6 20. Qe2 a5 21. Ba3
Nc5 22. Bh3 Qc8 23. Bxe6 Qxe6 24. b3 O-O 25. Rab1 Ra7 26. Bxc5 bxc5 27. a3 Be7
28. b4 cxb4 29. axb4 axb4 30. Nxb4 Rfa8 31. Nd5 Bd8 32. Rb2 Ra1 33. Rxa1 Rxa1+
34. Kg2 Qc8 35. Qh5 g6 36. Qf3 Kg7 37. g4 h6 38. h4 Ra7 39. h5 gxh5 40. gxh5
Kh8 41. Kh2 Rg7 42. Rg2 Qb7 43. Rxg7 Qxg7 44. Qg2 Qb7 45. Qg6 Qb2+ 46. Kh3 Qb8
47. Qxh6+ Kg8 48. Qg6+ Kf8 49. h6 Qb3 50. Qg7+ Ke8 51. Qg8+ Kd7 52. Qg3 Qb1 53.
Qf3 Qc1 54. Nxf6+ Kd6 55. Ng4 Qg5 56. Qf5 Qe7 57. h7 Qg7 58. Qxe5+ Qxe5 59.
Nxe5 Bf6 60. Nf7+ Ke7 61. h8=Q Bxh8 62. Nxh8 Kf6 63. Kg4 Kg7 64. Kf5 Kxh8 65.
Kf6 Kg8 66. Ke7 Kg7 67. e5 Kg8 68. e6 Kg7 69. Kd7 Kf6 70. e7 Kf5 71. e8=Q Kf4
72. Qe4+ Kg5 73. Qf3 Kg6 74. Ke6 Kg5 75. Qf5+ Kh4 76. Qg6 Kh3 77. Kf5 Kh2 78.
Kf4 Kh1 79. Kf3 Kh2 80. Qg2# 1-0

[Event "Collado Villalba 2015"]
[Site "Collado Villalba (ESP)"]
[Date "2015.08.26"]
[Round "5.10"]
[White "Hernando Pertierra, Jose C"]
[Black "Gutierrez Mordini, Pablo"]
[Result "1-0"]
[WhiteElo "2385"]
[BlackElo "1902"]
[PlyCount "94"]
[EventDate "2015.08.22"]
[EventType "swiss"]
[EventRounds "9"]
[EventCountry "ESP"]
[Source "lmi"]
[SourceDate "2015.08.22"]

1. Nf3 d5 2. g3 Nf6 3. Bg2 g6 4. b3 c5 5. Bb2 Bg7 6. c4 e6 7. O-O O-O 8. d3 Nc6
9. Ne5 Qe8 10. Nxc6 bxc6 11. Nc3 Nd7 12. Qd2 Bb7 13. Rac1 a5 14. Ba3 d4 15. Na4
Qe7 16. e3 Rfd8 17. Rce1 Qd6 18. e4 e5 19. Bh3 Bf8 20. Bxd7 Qxd7 21. Bxc5 Bxc5
22. Nxc5 Qe7 23. Nxb7 Qxb7 24. f4 Qe7 25. fxe5 Qxe5 26. Re2 Kg7 27. Ref2 Rd7
28. Rf4 h6 29. Qf2 Raa7 30. g4 c5 31. Kg2 Qe7 32. Qc2 Qe5 33. h3 Rdb7 34. R4f2
Qe8 35. Re1 Qe5 36. Rb1 Qb8 37. Rbf1 Qe8 38. Kf3 a4 39. bxa4 Rxa4 40. Rb1 Rba7
41. Kg2 Qa8 42. Rb2 Ra3 43. Qb1 Rc3 44. Rb8 Qc6 45. Qb5 Qxb5 46. cxb5 Rca3 47.
b6 Ra8 1-0

[Event "Collado Villalba 2015"]
[Site "Collado Villalba (ESP)"]
[Date "2015.08.26"]
[Round "5.11"]
[White "Antonano Fedz-Quincoces, Aveli"]
[Black "Garcia Paolicchi, Raul"]
[Result "1/2-1/2"]
[WhiteElo "1970"]
[BlackElo "2148"]
[PlyCount "97"]
[EventDate "2015.08.22"]
[EventType "swiss"]
[EventRounds "9"]
[EventCountry "ESP"]
[Source "lmi"]
[SourceDate "2015.08.22"]

1. e4 d5 2. exd5 Qxd5 3. Nc3 Qa5 4. Bc4 Nf6 5. Nge2 Bf5 6. O-O e6 7. d3 Nbd7 8.
Bd2 c6 9. Re1 Qc7 10. Bf4 Bd6 11. Bxd6 Qxd6 12. Ng3 Bg6 13. Nge4 Qc7 14. Qf3
O-O 15. Qg3 Qxg3 16. Nxg3 b5 17. Bb3 a5 18. a4 Nc5 19. Ba2 b4 20. Nce4 Nfxe4
21. Nxe4 Bxe4 22. dxe4 Nxa4 23. Bb3 Nc5 24. Ba4 Nxa4 25. Rxa4 Rfd8 26. Kf1 g6
27. Ke2 Rd7 28. Rd1 Rxd1 29. Kxd1 Kf8 30. Ke2 Ke7 31. Kd3 Kd6 32. Kc4 Ke5 33.
f3 f5 34. exf5 gxf5 35. c3 bxc3 36. Kxc3 c5 37. Rh4 Ra7 38. b3 Kd5 39. g3 Rf7
40. Ra4 Ra7 41. f4 Kc6 42. Ra2 h5 43. Re2 Kd6 44. Rd2+ Kc6 45. Re2 Re7 46. Kc4
Kd6 47. Rd2+ Kc6 48. Re2 Kd6 49. Rd2+ 1/2-1/2

[Event "Collado Villalba 2015"]
[Site "Collado Villalba (ESP)"]
[Date "2015.08.26"]
[Round "5.12"]
[White "Palenciano Escolar, Adrian"]
[Black "Eizaguerri Floris, Maria"]
[Result "1-0"]
[WhiteElo "2120"]
[BlackElo "1822"]
[PlyCount "69"]
[EventDate "2015.08.22"]
[EventType "swiss"]
[EventRounds "9"]
[EventCountry "ESP"]
[Source "lmi"]
[SourceDate "2015.08.22"]

1. e4 c5 2. Nf3 e6 3. d4 cxd4 4. Nxd4 Nc6 5. Nc3 a6 6. Be3 Nf6 7. f3 Qc7 8. Qd2
b5 9. g4 d6 10. O-O-O Ne5 11. g5 Nfd7 12. f4 Nc4 13. Bxc4 Qxc4 14. Qd3 Qc7 15.
Nb3 Bb7 16. a3 Rc8 17. Rhe1 Nc5 18. Nxc5 dxc5 19. f5 b4 20. fxe6 fxe6 21. axb4
cxb4 22. Nd5 exd5 23. exd5 Kd8 24. d6 Qc4 25. d7 Qxd3 26. dxc8=Q+ Kxc8 27. Rxd3
Be7 28. Bf4 Bc5 29. Re5 Bb6 30. Rd6 Bc7 31. Rc5 Kb8 32. Rd4 Re8 33. b3 Re2 34.
h4 Be4 35. Rcc4 1-0

[Event "Collado Villalba 2015"]
[Site "Collado Villalba (ESP)"]
[Date "2015.08.26"]
[Round "5.13"]
[White "Cortes Jurado, Rafael"]
[Black "Picazo Gonzalez, Ana"]
[Result "1-0"]
[WhiteElo "2073"]
[BlackElo "1851"]
[PlyCount "71"]
[EventDate "2015.08.22"]
[EventType "swiss"]
[EventRounds "9"]
[EventCountry "ESP"]
[Source "lmi"]
[SourceDate "2015.08.22"]

1. d4 e6 2. c4 d5 3. Nc3 c5 4. cxd5 exd5 5. Nf3 Nc6 6. g3 Nf6 7. Bg2 Be7 8. O-O
O-O 9. Bg5 c4 10. Ne5 Be6 11. e3 h6 12. Bxf6 Bxf6 13. f4 Ne7 14. g4 Bxe5 15.
dxe5 Qb6 16. Qe2 d4 17. exd4 Qxd4+ 18. Kh1 Qd3 19. f5 Qxe2 20. Nxe2 Bd5 21. Nf4
Bxg2+ 22. Kxg2 Rfd8 23. Rad1 Rac8 24. e6 b5 25. Rfe1 Kf8 26. exf7 Kxf7 27. Ne6
Rxd1 28. Rxd1 b4 29. Kf3 c3 30. bxc3 bxc3 31. Ke4 Nc6 32. Rd7+ Ke8 33. Rxg7 Nb4
34. f6 Rc4+ 35. Kf3 c2 36. Re7# 1-0

[Event "Collado Villalba 2015"]
[Site "Collado Villalba (ESP)"]
[Date "2015.08.26"]
[Round "5.14"]
[White "Torres Grajales, Ramon"]
[Black "Martin Carmona, Gaston Manuel"]
[Result "0-1"]
[WhiteElo "1943"]
[BlackElo "2068"]
[PlyCount "67"]
[EventDate "2015.08.22"]
[EventType "swiss"]
[EventRounds "9"]
[EventCountry "ESP"]
[Source "lmi"]
[SourceDate "2015.08.22"]

1. e4 e6 2. d4 d5 3. Nc3 Bb4 4. e5 c5 5. dxc5 Ne7 6. Bd3 Nd7 7. Nf3 Qc7 8. Bf4
Nxc5 9. O-O Bxc3 10. bxc3 Nxd3 11. Qxd3 Bd7 12. Rfe1 Rc8 13. Bd2 Nc6 14. c4
dxc4 15. Qa3 a5 16. Rab1 b6 17. Ng5 Nd4 18. Rbc1 c3 19. Be3 Qxe5 20. Bxd4 Qxd4
21. Ne4 Rc6 22. Rcd1 Qb4 23. Qc1 Qe7 24. Rd3 O-O 25. Red1 Bc8 26. Rg3 e5 27.
Nxc3 f6 28. Nd5 Qf7 29. Qe3 Be6 30. Nxb6 Rxc2 31. a3 Kh8 32. Qd3 Rc6 33. Nd7
Bxd7 34. Qxd7 0-1

[Event "Collado Villalba 2015"]
[Site "Collado Villalba (ESP)"]
[Date "2015.08.26"]
[Round "5.15"]
[White "Camarero Izquierdo, Juan Carlo"]
[Black "Erice Alonso, Santiago"]
[Result "1-0"]
[WhiteElo "1931"]
[BlackElo "2013"]
[PlyCount "44"]
[EventDate "2015.08.22"]
[EventType "swiss"]
[EventRounds "9"]
[EventCountry "ESP"]
[Source "lmi"]
[SourceDate "2015.08.22"]

1. d4 d5 2. Nc3 Nf6 3. Bg5 c6 4. Bxf6 exf6 5. Qd3 Bd6 6. f3 O-O 7. e4 Re8 8.
O-O-O b5 9. exd5 b4 10. Ne4 Bf4+ 11. Kb1 cxd5 12. Ng3 Re3 13. Qb5 Ba6 14. Qa4
Bxf1 15. Rxf1 Bxg3 16. hxg3 Qe7 17. Nh3 Nd7 18. Nf4 Nb6 19. Qb5 Re8 20. b3 Rd8
21. Nd3 Re8 22. Re1 Qc7 1-0